[Event "Lugano op 23rd"]
[Site "Lugano"]
[Date "2024.11.03"]
[Round "5"]
[White "De Lucia, Christian"]
[Black "Sangiorgi, Luca"]
[Result "1-0"]
[WhiteElo "1666"]
[BlackElo "1724"]
[PlyCount "43"]
[EventDate "2024.11.01"]
[EventType "swiss"]
[EventRounds "5"]
[EventCountry "SUI"]
[SourceTitle "CB45_2024"]
[Source "ChessBase"]
[SourceDate "2024.11.06"]
[SourceVersion "1"]
[SourceVersionDate "2024.11.06"]
[SourceQuality "1"]

1. e4 d5 2. exd5 Qxd5 3. Nc3 Qa5 4. Bc4 Nf6 5. h3 Bf5 6. Nf3 c6 7. 0-0 e6 8. d4 Nbd7 9. Re1 Qc7 10. Ne5 Nxe5 11. dxe5 Nd7 12. Bf4 Rd8 13. Qe2 Bc5 14. Bg5 Rc8 15. Bf4 0-0 16. Bd3 Bxd3 17. Qxd3 Rfd8 18. Qg3 Nf8 19. Ne4 Qe7 20. Bg5 Bxf2+ 21. Kxf2 Rd2+ 22. Bxd2 1-0